| 000 | 00839nam a2200253 a 4500 | ||
|---|---|---|---|
| 001 | 56737 | ||
| 003 | BD-RjUL | ||
| 005 | 20211209080428.0 | ||
| 008 | 161203s1988 ii ||||| |||| 001 0 eng d | ||
| 020 | _a817017239x | ||
| 035 | _a(BD-RjUL)56861 | ||
| 040 |
_aBD-RjUL _beng _cBD-RjUL _dBD-RjUL |
||
| 041 | _aeng | ||
| 082 |
_223 _a181.4 _bMAE 1988 |
||
| 100 |
_aMallik, Basanta Kumar. _9168726 |
||
| 245 |
_aEcology, culture, and philosophy: _bmetaphysical perspectives from Basanta Kumar Mallik / _cBasanta Kumar Mallik, Madhuri Sondhi, Mary M Walker. |
||
| 260 |
_aNew Delhi : _b Abhinav Publications, _cc1988 |
||
| 300 |
_axviii, 188 p. ; _c21 cm. |
||
| 500 | _aIncludes index | ||
| 600 |
_aMallik, Basanta Kumar. _d1879-1958. _9168727 |
||
| 700 |
_aSondhi, Madhuri. _9168728 |
||
| 700 |
_aWalker, Mary M. _9168729 |
||
| 942 |
_2ddc _cBK |
||
| 999 |
_c56737 _d56737 |
||